Personal reflections of a Ghanaian foreign service officer: whither Ghanaian diplomacy? (Record no. 7625)

MARC details
000 -LEADER
fixed length control field 00879nam a22001697a 4500
005 - DATE AND TIME OF LATEST TRANSACTION
control field 20210531104734.0
008 - FIXED-LENGTH DATA ELEMENTS--GENERAL INFORMATION
fixed length control field 210528b ||||| |||| 00| 0 eng d
020 ## - INTERNATIONAL STANDARD BOOK NUMBER
International Standard Book Number 9781480900066
040 ## - CATALOGING SOURCE
Transcribing agency AGENCY
050 ## - LIBRARY OF CONGRESS CALL NUMBER
Classification number DT512.34.B73
245 ## - TITLE STATEMENT
Title Personal reflections of a Ghanaian foreign service officer: whither Ghanaian diplomacy?
Statement of responsibility, etc. William G. M. Brandful
260 ## - PUBLICATION, DISTRIBUTION, ETC.
Place of publication, distribution, etc. Pittsburgh :
Name of publisher, distributor, etc. Rosedog Books ,
Date of publication, distribution, etc. 2013.
300 ## - PHYSICAL DESCRIPTION
Extent xxix, 528 p. :
Other physical details ill. ;
Dimensions 23 cm.
500 ## - GENERAL NOTE
General note Includes notes and references .
505 ## - FORMATTED CONTENTS NOTE
Formatted contents note Contents: Part 1: Section A: ''Traditional'' diplomacy-selective issues concerning the administrative machinery -- Part 2: Section B: Economic diplomacy -- Section C: Cultural and ''aesthetic'' diplomacy -- Section D: Facets of life of a Ghanaian diplomatic family -- Section E: The quest for excellence as a challenge for Ghanaian diplomacy.
942 ## - ADDED ENTRY ELEMENTS (KOHA)
Source of classification or shelving scheme Library of Congress Classification
Koha item type Books
Holdings
Withdrawn status Lost status Source of classification or shelving scheme Damaged status Not for loan Home library Current library Shelving location Date acquired Full call number Barcode Date last seen Copy number Price effective from Koha item type
    Library of Congress Classification     WISCONSIN INTERNATIONAL UNIVERSITY COLLEGE, GHANA - MAIN LIBRARY WISCONSIN INTERNATIONAL UNIVERSITY COLLEGE, GHANA - MAIN LIBRARY Reference 28/05/2021 DT512.34.B73 3717/368/21 28/05/2021 1 28/05/2021 Books
    Library of Congress Classification     WISCONSIN INTERNATIONAL UNIVERSITY COLLEGE, GHANA - MAIN LIBRARY WISCONSIN INTERNATIONAL UNIVERSITY COLLEGE, GHANA - MAIN LIBRARY Reference 28/05/2021 DT512.34.B731 3718/369/21 28/05/2021 2 28/05/2021 Books
    Library of Congress Classification     WISCONSIN INTERNATIONAL UNIVERSITY COLLEGE, GHANA - MAIN LIBRARY WISCONSIN INTERNATIONAL UNIVERSITY COLLEGE, GHANA - MAIN LIBRARY Reference 28/05/2021 DT512.34.B732 3719/370/21 28/05/2021 3 28/05/2021 Books
    Library of Congress Classification     WISCONSIN INTERNATIONAL UNIVERSITY COLLEGE, GHANA - MAIN LIBRARY WISCONSIN INTERNATIONAL UNIVERSITY COLLEGE, GHANA - MAIN LIBRARY Reference 28/05/2021 DT512.34.B733 3720/371/21 28/05/2021 4 28/05/2021 Books
    Library of Congress Classification     WISCONSIN INTERNATIONAL UNIVERSITY COLLEGE, GHANA - MAIN LIBRARY WISCONSIN INTERNATIONAL UNIVERSITY COLLEGE, GHANA - MAIN LIBRARY Reference 28/05/2021 DT512.34.B734 3721/372/21 28/05/2021 5 28/05/2021 Books

If you have any concerns or questions; kindly contact the library


© Powered by WIUC ICT DIRECTORATE